000 00285nam a22001337a 4500
008 180922b xxu||||| |||| 00| 0 eng d
020 _a000892131
041 _aeng
080 _a617
100 _a6
101 _aANE
245 _aRegional Anesthesia
_cMulroy, M.F
942 _2udc
_cBK
999 _c48283
_d48283